English 1/ (Registro nro. 9454)

Detalles MARC
000 -LEADER
fixed length control field 00638nam a2200205Ia 4500
005 - FECHA Y HORA DE LA ÚLTIMA TRANSACCIÓN
control field 20230922153906.0
008 - FIXED-LENGTH DATA ELEMENTS--GENERAL INFORMATION
fixed length control field 230921s9999 xx 000 0 und d
020 ## - INTERNATIONAL STANDARD BOOK NUMBER
International Standard Book Number 9786077448259
040 ## - CATALOGING SOURCE
Original cataloging agency UPAN
Transcribing agency Biblioteca San Vicente
Description conventions RCAA2
041 ## - LANGUAGE CODE
Language code of text/sound track or separate title spa
082 ## - DEWEY DECIMAL CLASSIFICATION NUMBER
Classification number 428
Item number K19i
año de publicación 2017
100 ## - MAIN ENTRY--PERSONAL NAME
Personal name Flores Katanis, Paula
Relator code aut.
245 #0 - TITLE STATEMENT
Title English 1/
Remainder of title Paula Flores Kastanis
250 ## - EDITION STATEMENT
Edition statement 3° ed.
260 ## - PUBLICATION, DISTRIBUTION, ETC. (IMPRINT)
Place of publication, distribution, etc Mexico:
Name of publisher, distributor, etc Patria,
Date of publication, distribution, etc 2017
300 ## - PHYSICAL DESCRIPTION
Extent 198 p.;
Dimensions 28 cm.
505 ## - FORMATTED CONTENTS NOTE
Formatted contents note 1. Personal Profile<br/>2. Daily Routines<br/>3. Daily Routines<br/>4. Here and Now<br/>5. Units of Measurement
650 ## - SUBJECT ADDED ENTRY--TOPICAL TERM
Source of heading or term LEMB
General subdivision Lingüística
942 ## - ADDED ENTRY ELEMENTS (KOHA)
Koha item type Libros
Source of classification or shelving scheme Dewey Decimal Classification
Existencias
Withdrawn status Lost status Source of classification or shelving scheme Damaged status Not for loan Collection code Home library Current library Date acquired Total Checkouts Full call number Barcode Date last seen Copy number Price effective from Koha item type
    Dewey Decimal Classification     Colección General Biblioteca UPAN San Vicente Biblioteca UPAN San Vicente 21/09/2023   428 K19i 12004331 21/09/2023 01 21/09/2023 Libros
    Dewey Decimal Classification     Colección General Biblioteca UPAN San Vicente Biblioteca UPAN San Vicente 21/09/2023   428 K19i 12004330 22/09/2023 02 21/09/2023 Libros
    Dewey Decimal Classification     Colección General Biblioteca UPAN San Vicente Biblioteca UPAN San Vicente 21/09/2023   428 K19i 12004329 22/09/2023 03 21/09/2023 Libros